000
00219nam a2200097Ia 4500
008
220204s9999 xx 000 0 und d
082
_a
82-3
_b
HIG
100
_a
Higgins, Jack
245
0
_a
Last place God made
942
_c
BK
999
_c
33448
_d
33448